Effect of Aspirin on Learning and Memory in AICI3-induced Mouse Model Alzheimer's Disease / (Record no. 534112)

000 -LEADER
fixed length control field 00542nam a22001577a 4500
020 ## - INTERNATIONAL STANDARD BOOK NUMBER
Qualifying information Hard Cover.
082 ## - DEWEY DECIMAL CLASSIFICATION NUMBER
Classification number 616
100 ## - MAIN ENTRY--PERSONAL NAME
Personal name Idress, Ayesha
245 ## - TITLE STATEMENT
Title Effect of Aspirin on Learning and Memory in AICI3-induced Mouse Model Alzheimer's Disease /
Statement of responsibility, etc. Ayesha Idress.
260 ## - PUBLICATION, DISTRIBUTION, ETC.
Place of publication, distribution, etc. Islamabad :
Name of publisher, distributor, etc. ASAB - NUST,
Date of publication, distribution, etc. 2013.
300 ## - PHYSICAL DESCRIPTION
Extent xiii, 125 p. : ill. ;
Dimensions 30cm.
942 ## - ADDED ENTRY ELEMENTS (KOHA)
Source of classification or shelving scheme
Koha item type Thesis
650 ## - SUBJECT ADDED ENTRY--TOPICAL TERM
Topical term or geographic name entry element Virlogy and Immunlogy M.Phil-Thesis
700 ## - ADDED ENTRY--PERSONAL NAME
Personal name Dr. Muhammd Ashraf.
650 ## - SUBJECT ADDED ENTRY--TOPICAL TERM
-- 28249
700 ## - ADDED ENTRY--PERSONAL NAME
-- 28250
Holdings
Withdrawn status Lost status Source of classification or shelving scheme Damaged status Not for loan Permanent Location Current Location Shelving location Date acquired Total Checkouts Full call number Barcode Date last seen Price effective from Koha item type
          Central Library (CL) Central Library (CL) Thesis 02/06/2020   616 CL-T-4887 02/06/2020 02/06/2020 Thesis
© 2023 Central Library, National University of Sciences and Technology. All Rights Reserved.